Gustos y regustos de la Sierra de Montánchez y Tamuja / (Record no. 180122)
[ view plain ]
| 000 -LEADER | |
|---|---|
| campo de control de longitud fija | 00967nam a2200253 i 4500 |
| 001 - NÚMERO DE CONTROL | |
| campo de control | 180122 |
| 003 - IDENTIFICADOR DE NÚMERO DE CONTROL | |
| campo de control | ES-MaACL |
| 005 - FECHA Y HORA DE LA ÚLTIMA TRANSACCIÓN | |
| campo de control | 20231026142418.0 |
| 008 - DATOS DE LONGITUD FIJA--INFORMACIÓN GENERAL | |
| campo de control de longitud fija | 120419s2011 sp abo |||| | spa d |
| 020 ## - NÚMERO INTERNACIONAL ESTÁNDAR DEL LIBRO | |
| Número Internacional Estándar del Libro | 978-84-694-4891-5 |
| 080 ## - NÚMERO DE LA CLASIFICACIÓN DECIMAL UNIVERSAL | |
| Número de la Clasificación Decimal Universal | 641.5(460.251) |
| 100 1# - ENTRADA PRINCIPAL--NOMBRE DE PERSONA | |
| Nombre de persona | Gázquez Ortiz, Antonio. |
| 9 (RLIN) | 149833 |
| 245 10 - MENCIÓN DEL TÍTULO | |
| Título | Gustos y regustos de la Sierra de Montánchez y Tamuja / |
| Mención de responsabilidad, etc. | [coordinación y textos], Antonio Gázquez Ortiz. |
| 260 ## - PUBLICACIÓN, DISTRIBUCIÓN, ETC. | |
| Lugar de publicación, distribución, etc. | Torre de Santa María (Cáceres) : |
| Nombre del editor, distribuidor, etc. | ADISMONTA, |
| Fecha de publicación, distribución, etc. | 2011. |
| 300 ## - DESCRIPCIÓN FÍSICA | |
| Extensión | 249 p. : |
| Otras características físicas | il. col., fot., mapa ; |
| Dimensiones | 24 cm. |
| 500 ## - NOTA GENERAL | |
| Nota general | Glosario: p. 195-215. |
| 500 ## - NOTA GENERAL | |
| Nota general | Recetario: p. 219-245. |
| 650 #7 - PUNTO DE ACCESO ADICIONAL DE MATERIA--TÉRMINO DE MATERIA | |
| Término de materia o nombre geográfico como elemento de entrada | Gastronomía- |
| Subdivisión geográfica | Extremadura. |
| 9 (RLIN) | 149834 |
| 650 #4 - PUNTO DE ACCESO ADICIONAL DE MATERIA--TÉRMINO DE MATERIA | |
| Término de materia o nombre geográfico como elemento de entrada | Cocina extremeña- |
| Subdivisión de forma | Recetas. |
| 9 (RLIN) | 149835 |
| 710 2# - ENTRADA AGREGADA--NOMBRE DE ENTIDAD CORPORATIVA | |
| Nombre de entidad corporativa o nombre de jurisdicción como elemento de entrada | Asociación para el Desarrollo Integral de la Comarca de Montánchez y Tamuja |
| 9 (RLIN) | 149836 |
| 852 ## - LOCALIZACIÓN | |
| Ubicación | ES-MaACL |
| Número de control de estantería | A-12061 |
| itemnumber | 187032 |
| Sublocalización o colección | R.148623 |
| Ubicación en estantería | Depósito 1 |
| Signatura antigua | Olim: N-5066 |
| 942 ## - ELEMENTOS DE ENTRADA SECUNDARIOS (KOHA) | |
| Fuente del sistema de clasificación o colocación | Clasificación decimal universal |
| Tipo de ítem Koha | Libro impreso |
| Estatus retirado | Estado de pérdida | Fuente del sistema de clasificación o colocación | Estado de daño | No para préstamo | Biblioteca de origen | Biblioteca actual | Ubicación en estantería | Fecha de adquisición | Fuente de adquisición | Total de préstamos | Signatura topográfica completa | Código de barras | Visto por última vez | Precio de reemplazo | Tipo de ítem Koha |
|---|---|---|---|---|---|---|---|---|---|---|---|---|---|---|---|
| Clasificación decimal universal | Biblioteca del Ateneo de Madrid | Biblioteca del Ateneo de Madrid | Sala Pecera Planta 1 | 19/04/2012 | Donación | A-12061 | 1189258 | 23/02/2023 | 23/02/2023 | Libro impreso |
